00282nam a2200121Ia 4500008004100000041000900041082001500050100001900065245002300084260003700107300000800144650000800152230718s9999 xx 000 0 und d aEng. a650bBRA-D aBrand, Michael 0aDiceday of Finance aPakistanbKeegan Cafe folic1998 a129 aLaw